Signals and systems (Record no. 12317)

000 -LEADER
fixed length control field 00397nam a2200145 4500
020 ## - INTERNATIONAL STANDARD BOOK NUMBER
International Standard Book Number 9788120338517
082 ## - DEWEY DECIMAL CLASSIFICATION NUMBER
Classification number 621.38043 KUM
100 ## - MAIN ENTRY--PERSONAL NAME
Personal name Kumar, I. Ravi
245 ## - TITLE STATEMENT
Title Signals and systems
260 ## - PUBLICATION, DISTRIBUTION, ETC.
Place of publication, distribution, etc. New Delhi, India
Name of publisher, distributor, etc. PHI Learning Ltd.
Date of publication, distribution, etc. 2009
300 ## - PHYSICAL DESCRIPTION
Extent xv, 563 p.
Other physical details ill. ;
500 ## - GENERAL NOTE
General note Includes index
650 ## - SUBJECT ADDED ENTRY--TOPICAL TERM
Topical term or geographic name entry element 1. Signal theory (Telecommunication) 2. System analysis.
942 ## - ADDED ENTRY ELEMENTS (KOHA)
Koha item type Book
Holdings
Withdrawn status Lost status Damaged status Not for loan Collection code Permanent Location Current Location Shelving location Date acquired Source of acquisition Cost, normal purchase price Total Checkouts Full call number Barcode Date last seen Date last checked out Price effective from Koha item type
          Central Library (CL) Central Library (CL) General Stacks 12/27/2013 Saeed Book Bank 514.48 2 621.38043 KUM SEECS012733 10/29/2025 07/22/2019 12/25/2013 Book
© 2023 Central Library, National University of Sciences and Technology. All Rights Reserved.